| 000 | 00455nam a22001817a 4500 | ||
|---|---|---|---|
| 999 |
_c2218 _d2178 |
||
| 008 | 170720b xxu||||| |||| 00| | tur d | ||
| 020 | _a9753421028 | ||
| 041 | _atur | ||
| 050 | _aPL248.G428 | ||
| 100 |
_a Geçtan, Engin _91154 |
||
| 245 | _aDersaadette Dans | ||
| 250 | _a1. baskı | ||
| 260 |
_aİstanbul _bMetis Yayınları _cOcak 1996 |
||
| 300 | _a243 sayfa | ||
| 500 | _a2 Adet mevcuttur. | ||
| 650 | 0 |
_9145 _aTürk Edebiyatı |
|
| 942 |
_2lcc _cBK |
||